| 000 | 00620nam a22002415a 4500 | ||
|---|---|---|---|
| 001 | 002787 | ||
| 003 | armpunfd | ||
| 005 | 20150415184142.0 | ||
| 008 | 140626s2004####ag############000#0#und#d | ||
| 020 | _a9508943149 | ||
| 080 | _a343 B 511 | ||
| 100 | 1 | _aBinder Alberto M. | |
| 245 | 1 | 0 | _aJusticia Penal y Estado de Derecho / |
| 250 | _a2ยช Ed Act y Amp. | ||
| 260 |
_aBuenos Aires : _bAd- Hoc, _c2004. |
||
| 300 |
_a352 P ; _c23 X 16 Cm. |
||
| 650 | 7 |
_aEstado de Derecho _2LEMB |
|
| 650 | 7 |
_aProbation _2LEMB |
|
| 650 | 7 |
_aProceso Penal _2LEMB |
|
| 651 | _2LEMB | ||
| 945 |
_acd _d2014-06-26 |
||
| 999 |
_c3141 _d233645 |
||